000 00443nam a22001577a 4500
003 LK-CoMWRAF
005 20231225175105.0
008 231225b |||||||| |||| 00| 0 eng d
040 _aLK-CoMWRAF
_dLK-CoMWRAF
_eLK-CoMWRAF
041 _aeng
082 _bWAD
100 _aWadood, A.C.A.
245 _aThe holy prophet foretold by Jesus Christ in the gospel of Barnabas
260 _aColombo:
_bCeylon Muslim missionary society,
942 _cBK
999 _c4562
_d4562